00593nam a2200169 i 450000100060000000300090000600500170001500700030003200800410003510000470007624500560012326000520017930000210023185200320025299900170028495201220030144393ES-MaACL20230906161023.0t|030321s1960 sp ||||1| spa d1 aCillero Ulecia, Antonio,d1917-200793882710aTestigo de una pasión / cAntonio Cillero Ulecia. aBuenos Aires ; a[Logroño : bOchoa], c1960. a95 p. ; c20 cm. aES-MaACLjC-29716 bR.60102 c44393d44393 00104070aATENEOMbATENEOMcDEPO2d2008-01-17eSCl0oC-29716p1046717r2023-02-23 00:00:00w2023-02-23yMONOGRAFIA